The merck manual of health and aging. / (Record no. 10129)
[ view plain ]
| 000 -LEADER | |
|---|---|
| fixed length control field | 02212nam a22002057a 4500 |
| 003 - CONTROL NUMBER IDENTIFIER | |
| control field | OSt |
| 005 - DATE AND TIME OF LATEST TRANSACTION | |
| control field | 20231017145404.0 |
| 008 - FIXED-LENGTH DATA ELEMENTS--GENERAL INFORMATION | |
| fixed length control field | 140718b xxu||||| |||| 00| 0 eng d |
| 020 ## - INTERNATIONAL STANDARD BOOK NUMBER | |
| International Standard Book Number | 0911910360 |
| 040 ## - CATALOGING SOURCE | |
| Original cataloging agency | WIUC - GH |
| Transcribing agency | WIUC - GH |
| 050 ## - LIBRARY OF CONGRESS CALL NUMBER | |
| Classification number | RA777.5.M47 |
| 100 ## - MAIN ENTRY--PERSONAL NAME | |
| Personal name | Beers, Mark H. |
| 9 (RLIN) | 2577 |
| 245 ## - TITLE STATEMENT | |
| Title | The merck manual of health and aging. / |
| Statement of responsibility, etc. | Mark H. Beers. |
| 260 ## - PUBLICATION, DISTRIBUTION, ETC. | |
| Place of publication, distribution, etc. | New Jersey: |
| Name of publisher, distributor, etc. | Merck Research Laboratory, |
| Date of publication, distribution, etc. | 2004. |
| 300 ## - PHYSICAL DESCRIPTION | |
| Extent | xxix,961p.: |
| Other physical details | ill., index; |
| Dimensions | 24cm. |
| 505 ## - FORMATTED CONTENTS NOTE | |
| Formatted contents note | Contents: Fundamentals of aging: Age-old questions --- How the body ages -- The aging of America -- Caring for self and others -- Preventive medical care -- Maintaining good nutrition -- Drugs and aging -- Complementary or alternative medicine -- Communicating with health care practitioners -- Continuity of care -- Understanding medical tests -- Hospital care -- Undergoing surgery -- Rehabilitation -- Long-term care -- Caregiving -- Palliative and end-of-life care -- Medical conditions: Nutritional disorders -- Water and electrolyte balance -- Hypothermia and hypothermia -- Dizziness and fainting -- Falls -- Osteoporosis -- Fractures -- Pain -- Confusion -- Delirium -- Dementia -- Stroke -- Nerve disorders -- Movement disorders -- Sleep -- Mental health disorders -- Thyroid disorders -- Diabetes mellitus -- Skin disorders -- Eye disorders -- Hearing and the ear -- Nose and throat disorders -- Mouth and dental disorders -- Foot disorders -- Arthritis -- Temporal arthritis and polymyalgia rhematica -- High blood pressure -- Blood vessel disorders -- Coronary artery disease -- Heart failure -- Abonominal heart rytms -- Heart valve disorders -- Blood disorders -- Finding and living with cancer -- Cancers -- Pheumonia and influenza -- Chronic obstructive pulmonary disease -- Swallowing and reflux disorders -- Bowel movement disorders -- Urinary incontinence -- Female genital and sexual disorders -- Male genital and sexual disorders -- Exercise -- Social, legal and ethical issues: Coping with change -- Driving -- Intimacy -- Mistreatment -- Understanding legal and ethical issues -- Paying for health care |
| 700 ## - ADDED ENTRY--PERSONAL NAME | |
| Personal name | Jones, Thomas V. |
| 9 (RLIN) | 2578 |
| 700 ## - ADDED ENTRY--PERSONAL NAME | |
| Personal name | Berkwits, Michael. |
| 9 (RLIN) | 2579 |
| 942 ## - ADDED ENTRY ELEMENTS (KOHA) | |
| Source of classification or shelving scheme | Library of Congress Classification |
| Koha item type | Books |
| Withdrawn status | Lost status | Source of classification or shelving scheme | Damaged status | Not for loan | Home library | Current library | Shelving location | Date acquired | Total Checkouts | Full call number | Barcode | Date last seen | Price effective from | Koha item type |
|---|---|---|---|---|---|---|---|---|---|---|---|---|---|---|
| Library of Congress Classification | WISCONSIN INTERNATIONAL UNIVERSITY COLLEGE, GHANA KUMASI LIBRARY | WISCONSIN INTERNATIONAL UNIVERSITY COLLEGE, GHANA KUMASI LIBRARY | nursing | 26/11/2019 | RA777.5.M47 | KSN/713/713/19 | 17/10/2023 | 17/10/2023 | Books |
